| 000 | 00531cam a2200205ua 4500 | ||
|---|---|---|---|
| 020 |
_a81-204-0751-2 _c125.00 |
||
| 041 |
_aeng _h |
||
| 082 |
_a664.02 _bBAN/RI |
||
| 100 | _aBandopadhyay, S . | ||
| 245 |
_aRice process technology / _cS Bandyopadhyay. _hTextual Documents |
||
| 250 |
_a1 / _b. |
||
| 260 |
_aNew Delhi : _bOxford & IBH Publishing company , _c1992. |
||
| 300 | _a204 ; . | ||
| 365 | _a125.00 | ||
| 504 | _a | ||
| 700 | 1 | _aRoy, N C . | |
| 942 | _cBK | ||
| 999 |
_c10258 _d10258 |
||